000 00428nam a2200205Ia 4500
001 004404
003 YMCAF
005 20230512160259.0
008 100717s1974 ||||||||||||||||| ||und|d
024 _a4404
035 _a4403
040 _aYMCAF
_beng
_cIN-KoLT
041 _aeng
082 _aA
_bT-A.N
100 _aA.N. KAPOOR
245 2 _aA TEXT OF SOCIAL SERVICE
260 _c1974
300 _a61
942 _2ddc
_cBK
999 _c3492
_d3492